| 000 | 00490cam a22001577a 4500 | ||
|---|---|---|---|
| 008 | 180718b1959 xxu||||| |||| 00| 0 eng d | ||
| 082 | _aT41x73 F914d | ||
| 100 | _aFriedman, Milton | ||
| 245 |
_aThe demand for money: some theoretical and empirical results _cby Milton Friedman |
||
| 260 |
_aNew York _bNational Bureau of Economic Research _c1959 |
||
| 300 | _a25p. | ||
| 500 | _a$0.75 | ||
| 650 | _aNational Bureau of Economic Research | ||
| 650 | _aIncome - USA | ||
| 650 | _aMoney - USA | ||
| 999 |
_c479371 _d479371 |
||